Statystyki dla Wszystkie dworce D6 Kolei Dolnośląskich

Kliknij tutaj aby rozwiązać quiz!

Ogólne statystyki

  • Ten quiz został rozwiązany 17 razy
  • Średni wynik to 22 z 40

Statystyki odpowiedzi

DWORZEC% Poprawnych
WROCŁAW GŁÓWNY
100%
WAŁBRZYCH GŁÓWNY
92%
WAŁBRZYCH MIASTO
83%
JELENIA GÓRA
75%
SMOLEC
75%
ŚWIEBODZICE
75%
WROCŁAW GRABISZYN
75%
WROCŁAW ZACHODNI
75%
BOGUSZÓW GORCE
67%
JAWORZYNA ŚLĄSKA
67%
KĄTY WROCŁAWSKIE
67%
MOKRONOS GÓRNY
67%
SZKLARSKA PORĘBA DOLNA
67%
SZKLARSKA PORĘBA GÓRNA
67%
SZKLARSKA PORĘBA ŚREDNIA
67%
WAŁBRZYCH CENTRUM
67%
WAŁBRZYCH FABRYCZNY
67%
BOGUSZÓW GORCE WSCHÓD
58%
BOGUSZÓW GORCE ZACHÓD
58%
IMBRAMOWICE
58%
MIETKÓW
58%
SADOWICE WROCŁAWSKIE
58%
ŻARÓW
58%
JANOWICE WIELKIE
50%
JELENIA GÓRA ORLE
50%
MARCISZÓW
50%
PIECHOWICE
50%
SĘDZISŁAW
50%
JELENIA GÓRA CIEPLICE
42%
JELENIA GÓRA ZABOBRZE
42%
JELENIA GÓRA ZACHODNIA
42%
JELENIA GÓRA SOBIESZÓW
33%
PIECHOWICE DOLNE
33%
TRZCIŃSKO
33%
WOJANÓW
33%
CIECHANOWICE
25%
GÓRZYNIEC
25%
JELENIA GÓRA PRZEMYSŁOWA
25%
WITKÓW
25%
WAŁBRZYCH SZAWIENKO
0%

Rozkład punktacji

Percentyl według liczby udzielonych odpowiedzi

Procent ludzi z każdym wynikiem

Twoja historia wyników

Nie rozwiązałeś tego quizu